00942naa a22001697i 45000010005000000030009000050050017000140080041000310400029000721000157001012450113002586550030003717110123004017730220005249420013007449990015007578977KOSZ 00520180313103332.0180312s2012 pl ||||f| ||||1|| 0 eng d cKOSZ 005/HRaKOSZ 005/HR1 aPIASKOWSKI, Krzysztof.d1998 - .bPolitechnika Koszalińska - Wydział Budownictwa i Inżynierii Środowiska,cKatedra Technologii Wody i Ścieków aOrthophosphate removal from aqueous solutions using drinking-water treatment sludge /cKrzysztof Piaskowski. 0aMateriały konferencyjne.22aInternational Conference on Advances in Sustainable Sewage Sludge Management ASSM 2012n(4 ;d2012 ;cSzczyrk, Polska)0 iW :t4th International Conference on Advances in Sustainable Sewage Sludge Management, 3-5 December 2012, Szczyrk, Poland : book of extended abstracts. - dCzęstochowa : Czestochowa University of Technology, 2012. cROZ2UKD c8977d8977